000 00958nam0a22002771 4500
001 v19\rc\1819004
005 20250619132622.0
035 _a(NLR Aleph) 004917308
090 _a5540655
_c5540655
100 _a20071224d1907 |||y0rusy50 ca
101 0 _arus
102 _aRU
105 _ac z |||c|
200 1 _aУголовный "сверх-человек"
_eУголовно-бытовые очерки
_fН.В. Никитин
205 _a2-е изд.
210 _aСанкт-Петербург
_cтип. Новицкого
_d1907
215 _a208 с., 2 л. портр.
_d22
316 _aЭкз. РНБ (65-5/4498): деф.: отсутствуют с. 3-4 (предисл.)
_5NLR: 65-5/4498
532 1 3 _aУголовный сверх-человек
700 1 _aНикитин
_bН.В.
801 0 _aRU
_bNLR
_gpsbo
801 0 _aRU
_bRuMoRGB
_2psbo
801 1 _aRU
_bProSoft-M
_2rusmarc
852 _aNLR
_j65-5/4498
942 _cBOOK
980 _aNB